Vrai nom des youtubeurs francophones - Statistiques

Statistiques générales
  • Ce quiz a été pris 1 132 fois
  • Le résultat moyen est 11 sur 20
Statistiques - réponses
Nom de naissance Nom sur YouTube % Correct
Lucas Hauchard Squeezie
96%
Miguel Mattioli Michou
94%
Inès Benazzouz Inoxtag
93%
Nathalie Odzierejko Natoo
92%
Sébastien Frit SEB
88%
Yvick Letexier Mister V
87%
Jordan Rondelli Joyca
81%
Théo Becker Mastu
72%
Maxime Chabroud Amixem
68%
Corentin Houssein Gotaga
63%
Thibaud Delapart Tibo InShape
58%
Marie Lopez EnjoyPhoenix
52%
Justine Becattini Juju Fitcats
52%
Romain Goisbeau Lebouseuh
28%
Frédéric Molas Joueur du Grenier
22%
Julien Donzé Le Grand JD
22%
Charles Gilles-Compagnon FastGoodCuisine
17%
Marc Jarousseau Kemar
16%
Nadège Dabrowski Andy
15%
Andréas Raxhon Guizzi
10%
Aucun quiz correspondant
Distribution des résultats
% des personnes avec chaque résultat
Percentile par nombre de réponses
Votre historique - résultats
Vous n’avez pas pris ce quiz